000 00282nam a22001217a 4500
082 _a225.52 WEN
100 _aWenger, John
245 _aThe New Testment of Our Lord and Saviour Jessus Christ: In Sanscrit
260 _aUSA
_c1851
300 _a666
650 _aBible
942 _cBK
999 _c20146
_d20146